| 000 | 00829nam a2200265 i 4500 | ||
|---|---|---|---|
| 001 | bg | ||
| 100 | 1 | _aKRÓLIKOWSKI, Zbyszko | |
| 245 | 0 |
_aImplementacja relacyjnych baz danych z wykorzystaniem systemu dBASE IV / _cZbyszko Królikowski, Jacek Szulczyński. |
|
| 260 |
_aPoznań : _bWydaw. PP, _c1993. |
||
| 300 |
_a132, [1] s. : _brys., wykr. ; _c24 cm. |
||
| 504 | _aBibliogr. s. [133]. | ||
| 504 | _aBibliogr. s. 233-234. | ||
| 521 | _aSkrypt dla studentów Wydz. Elektrycznego. | ||
| 630 | 0 | 9 | _adBASE |
| 650 | 9 | _aBaza danych | |
| 655 | _aPodręczniki akademickie | ||
| 700 | 1 | _aSZULCZYŃSKI, Jacek | |
| 710 | _aPOLITECHNIKA POZNAŃSKA (Poznań) | ||
| 040 | _cBPK | ||
| 041 | _apol | ||
| 080 | _a519.683.5 | ||
| 080 | _a681.322.06:519.683.5](075.8) | ||
| 942 | _cKS | ||
| 008 | s pl f |000 0 pol | ||
| 999 |
_c6385 _d6385 |
||
| 856 |
_uhttp://koha.tu.koszalin.pl/cgi-bin/koha/opac-detail.pl?biblionumber=6385 _yKatalog online BPK |
||